|
|
|
|
| LEADER |
01028nam a22002774a 4500 |
| 001 |
4751 |
| 003 |
BD-DhAAL |
| 005 |
20151104121127.0 |
| 008 |
151104s2002 cau b 001 0 eng |
| 010 |
|
|
|a 2001043753
|
| 020 |
|
|
|a 0070583137
|
| 020 |
|
|
|a 1576751325 (alk. paper)
|
| 040 |
|
|
|a DLC
|c DLC
|d DLC
|d BD-DhAAL
|
| 050 |
0 |
0 |
|a BJ1611.2
|b .M337 2002
|
| 082 |
0 |
0 |
|a 158.1
|2 21
|
| 100 |
1 |
|
|a Manz, Charles C.
|9 11423
|
| 245 |
1 |
4 |
|a The power of failure :
|b 27 ways to turn life's setbacks into success /
|c Charles C. Manz.
|
| 260 |
|
|
|a San Francisco :
|a New Delhi :
|b Berrett-Koehler,
|b Tata McGrow-Hill Publishing,
|c 2001.
|
| 300 |
|
|
|a xiii, 148 p. ;
|c 22 cm.
|
| 504 |
|
|
|a Includes bibliographical references (p. 137-139) and index.
|
| 541 |
|
|
|e 4751
|
| 650 |
|
0 |
|a Success.
|9 15984
|
| 650 |
|
0 |
|a Failure (Psychology)
|9 15985
|
| 942 |
|
|
|2 ddc
|c BK
|
| 999 |
|
|
|c 36035
|d 36035
|
| 952 |
|
|
|0 0
|1 0
|2 ddc
|4 0
|6 158_100000000000000_MAN
|7 0
|9 56618
|a SCL
|b SCL
|c GEN
|d 2015-11-04
|g 325.00
|l 13
|m 40
|o 158.1 MAN
|p 3020004751
|r 2023-10-25
|s 2023-10-07
|t 1
|w 2015-11-04
|y BK
|